[Event "SVK-ch U20"]
[Site "Dudince"]
[Date "2023.04.17"]
[Round "3"]
[White "Hyros, Samuel"]
[Black "Gyerpal, Adrian"]
[Result "0-1"]
[WhiteElo "1546"]
[BlackElo "2186"]
[PlyCount "30"]
[EventDate "2023.04.16"]
[EventType "tourn"]
[EventRounds "9"]
[EventCountry "SVK"]
[SourceTitle "CBM 213 Extra"]
[Source "ChessBase"]
[SourceDate "2023.05.31"]
[SourceVersion "1"]
[SourceVersionDate "2023.05.31"]
[SourceQuality "1"]

1. Nf3 c5 2. c4 Nc6 3. b3 e5 4. Nc3 g6 5. d3 Bg7 6. Bg5 Nge7 7. Nd5 h6 8. Bf6 Bxf6 9. Nxf6+ Kf8 10. e3 d5 11. d4 cxd4 12. exd4 exd4 13. Nxd4 Qa5+ 14. Ke2 Qc3 15. Nxc6 Nxc6 0-1

[Event "SVK-ch U14"]
[Site "Lubovna"]
[Date "2020.08.21"]
[Round "8"]
[White "Hyros, Samuel"]
[Black "Misenko, Simon"]
[Result "1-0"]
[WhiteElo "1334"]
[BlackElo "1000"]
[PlyCount "81"]
[EventDate "2020.08.15"]
[EventType "swiss"]
[EventRounds "9"]
[EventCountry "SVK"]
[SourceTitle "EXT 2021"]
[Source "ChessBase"]
[SourceDate "2020.10.23"]
[SourceVersion "1"]
[SourceVersionDate "2020.10.23"]
[SourceQuality "1"]

1. Nf3 Nf6 2. g3 d6 3. d4 Nbd7 4. Bg2 g6 5. 0-0 Bg7 6. Bg5 0-0 7. Nbd2 b6 8. Ne5 d5 9. c4 Bb7 10. Nxd7 Qxd7 11. e3 Rab8 12. Rc1 Rfe8 13. Nb3 e6 14. c5 Qe7 15. Qe2 Rbc8 16. c6 Ba8 17. Qa6 Qd6 18. Bf4 Qb4 19. Rc3 Ne4 20. Bxe4 dxe4 21. a3 Qe7 22. Qxa7 e5 23. dxe5 Bxe5 24. Bxe5 Qxe5 25. Rd1 Re7 26. Qa6 Qe6 27. Nd4 Qg4 28. Qe2 Qxe2 29. Nxe2 Kg7 30. Rd7 Rxd7 31. cxd7 Rd8 32. Rxc7 Bd5 33. Nc3 Be6 34. Nxe4 Bxd7 35. h4 h5 36. Ng5 Kf6 37. Rb7 Bc6 38. Rxf7+ Ke5 39. f4+ Kd6 40. Rf6+ Kc7 41. Ne6+ 1-0

[Event "SVK-ch U14"]
[Site "Lubovna"]
[Date "2020.08.20"]
[Round "7"]
[White "Hyros, Samuel"]
[Black "Kapral, Roland"]
[Result "1-0"]
[WhiteElo "1334"]
[BlackElo "1067"]
[PlyCount "57"]
[EventDate "2020.08.15"]
[EventType "swiss"]
[EventRounds "9"]
[EventCountry "SVK"]
[SourceTitle "EXT 2021"]
[Source "ChessBase"]
[SourceDate "2020.10.23"]
[SourceVersion "1"]
[SourceVersionDate "2020.10.23"]
[SourceQuality "1"]

1. Nf3 d5 2. g3 Nc6 3. d4 e6 4. Bg2 Nf6 5. Nbd2 Bd6 6. 0-0 0-0 7. c3 b5 8. Re1 Bb7 9. e4 dxe4 10. Nxe4 Nxe4 11. Rxe4 Ne7 12. Re1 Nd5 13. Qc2 h6 14. Bd2 c5 15. Rad1 Rc8 16. dxc5 Bxc5 17. Bc1 Qb6 18. Ne5 Rfd8 19. Nd3 Be7 20. Nf4 Nxf4 21. Bxf4 b4 22. Bxb7 Qxb7 23. Qb3 a5 24. Rxd8+ Rxd8 25. cxb4 Bxb4 26. a3 a4 27. Qxb4 Qxb4 28. axb4 Rb8 29. Bxb8 1-0

[Event "SVK-ch U14"]
[Site "Lubovna"]
[Date "2020.08.15"]
[Round "1"]
[White "Hyros, Samuel"]
[Black "Orgon, Patrik"]
[Result "1/2-1/2"]
[WhiteElo "1334"]
[BlackElo "1766"]
[PlyCount "79"]
[EventDate "2020.08.15"]
[EventType "swiss"]
[EventRounds "9"]
[EventCountry "SVK"]
[SourceTitle "EXT 2021"]
[Source "ChessBase"]
[SourceDate "2020.10.23"]
[SourceVersion "1"]
[SourceVersionDate "2020.10.23"]
[SourceQuality "1"]

1. Nf3 b6 2. g3 Bb7 3. Bg2 e6 4. 0-0 f5 5. d3 Nf6 6. Nbd2 Be7 7. b3 0-0 8. Bb2 c5 9. Re1 d5 10. Ng5 Qd7 11. e4 h6 12. Nh3 fxe4 13. dxe4 d4 14. e5 Bxg2 15. Kxg2 Nd5 16. Ne4 Nc6 17. c4 dxc3 18. Nxc3 Rad8 19. Qg4 Nd4 20. Rad1 Nxc3 21. Bxc3 Qc6+ 22. Qe4 Qxe4+ 23. Rxe4 Nb5 24. Rxd8 Rxd8 25. Re3 a6 26. a4 Nc7 27. Rf3 g5 28. g4 b5 29. Ba5 Rd7 30. Bxc7 Rxc7 31. axb5 axb5 32. Rc3 c4 33. bxc4 bxc4 34. f4 Kf7 35. fxg5 hxg5 36. Nf2 Bb4 37. Rc2 c3 38. Ne4 Kg6 39. Kf3 Rf7+ 40. Ke3 1/2-1/2

[Event "SVK-ch U14"]
[Site "Liptovsky Mikulas"]
[Date "2019.04.27"]
[Round "6"]
[White "Hyros, Samuel"]
[Black "Babjak, Samuel"]
[Result "1-0"]
[WhiteElo "1252"]
[BlackElo "1478"]
[PlyCount "63"]
[EventDate "2019.04.23"]
[EventType "swiss"]
[EventRounds "9"]
[EventCountry "SVK"]
[SourceTitle "CBM 190 Extra"]
[Source "ChessBase"]
[SourceDate "2019.07.15"]
[SourceVersion "1"]
[SourceVersionDate "2019.07.15"]
[SourceQuality "1"]

1. Nf3 d5 2. g3 Nf6 3. Bg2 c6 4. 0-0 Bg4 5. d4 e6 6. h3 Bh5 7. Nbd2 Bd6 8. c4 0-0 9. b3 Nbd7 10. Bb2 Qe7 11. g4 Bg6 12. Ne5 a5 13. Nxg6 fxg6 14. e4 dxe4 15. Nxe4 Nxe4 16. Bxe4 Bc7 17. Kg2 Qd6 18. Rh1 Rf7 19. Qe2 Raf8 20. Raf1 c5 21. d5 Nf6 22. Bxf6 Rxf6 23. dxe6 Rxe6 24. Bd5 Rfe8 25. Rd1 Qb6 26. Rhe1 Kf7 27. Bxe6+ Rxe6 28. Rd7+ Kf6 29. Qf3+ Kg5 30. Rxe6 Qxe6 31. Rxc7 Qe5 32. Qd5 1-0

[Event "SVK-ch U14"]
[Site "Liptovsky Mikulas"]
[Date "2019.04.26"]
[Round "5"]
[White "Sloboda, Rudolf"]
[Black "Hyros, Samuel"]
[Result "0-1"]
[WhiteElo "1000"]
[BlackElo "1252"]
[PlyCount "84"]
[EventDate "2019.04.23"]
[EventType "swiss"]
[EventRounds "9"]
[EventCountry "SVK"]
[SourceTitle "CBM 190 Extra"]
[Source "ChessBase"]
[SourceDate "2019.07.15"]
[SourceVersion "1"]
[SourceVersionDate "2019.07.15"]
[SourceQuality "1"]

1. e4 e6 2. d4 d5 3. Nc3 Bb4 4. exd5 exd5 5. Bd2 Nc6 6. Nf3 Nf6 7. a3 Bxc3 8. Bxc3 0-0 9. Bd3 Re8+ 10. Be2 Qe7 11. h3 Bf5 12. Ne5 Nxe5 13. dxe5 Ne4 14. Bd4 c5 15. f3 Ng3 16. Rg1 cxd4 17. Qxd4 Qxe5 18. Qxe5 Rxe5 19. Kf2 Nxe2 20. Rge1 Rae8 21. Red1 h6 22. g4 Bxc2 23. Rd2 Bb3 24. Rd3 Bc4 25. Rd2 Nf4 26. Kg3 g5 27. h4 gxh4+ 28. Kxf4 R5e6 29. Kf5 Kg7 30. g5 Re5+ 31. Kg4 hxg5 32. Rg2 d4 33. f4 Re4 34. Kh5 Rh8+ 35. Kg4 Rxf4+ 36. Kh3 g4+ 37. Kh2 g3+ 38. Kg1 Rf3 39. Rc1 h3 40. Rxc4 h2+ 41. Kh1 Rf1+ 42. Rg1 Rxg1# 0-1

[Event "SVK-ch U12"]
[Site "Liptovsky Mikulas"]
[Date "2018.04.27"]
[Round "9"]
[White "Compel, Daniel"]
[Black "Hyros, Samuel"]
[Result "0-1"]
[WhiteElo "1439"]
[BlackElo "1157"]
[PlyCount "128"]
[EventDate "2018.04.21"]
[EventType "swiss"]
[EventRounds "9"]
[EventCountry "SVK"]
[SourceTitle "CBM 184 Extra"]
[Source "ChessBase"]
[SourceDate "2018.06.28"]
[SourceVersion "1"]
[SourceVersionDate "2018.06.28"]
[SourceQuality "1"]

1. e4 e6 2. d4 d5 3. e5 c5 4. c3 Qb6 5. Nf3 Nc6 6. Bd3 Bd7 7. Bc2 cxd4 8. cxd4 Nge7 9. Nc3 Nf5 10. Bxf5 exf5 11. 0-0 Be7 12. Nxd5 Qd8 13. Nxe7 Qxe7 14. Bg5 Qb4 15. Qd2 Qxd2 16. Bxd2 0-0 17. Rad1 Be6 18. b3 Rad8 19. Bc3 Bd5 20. Nd2 b5 21. Rc1 Rc8 22. Rfd1 Rfd8 23. Nf3 h6 24. Be1 g5 25. h3 a6 26. Rc5 Bxf3 27. gxf3 Ne7 28. Rxc8 Rxc8 29. d5 Rd8 30. d6 Nc6 31. Bc3 Rd7 32. Kg2 Kh7 33. f4 Kg6 34. Kg3 Nd8 35. Rg1 Ne6 36. Bd2 Nd4 37. Re1 Ne6 38. Be3 f6 39. fxg5 hxg5 40. f4 fxe5 41. fxe5 f4+ 42. Bxf4 gxf4+ 43. Kg4 Rg7 44. Rd1 Kf7+ 45. Kf5 Rg5+ 46. Ke4 Nc5+ 47. Kxf4 Ne6+ 48. Kf3 Rxe5 49. d7 Ke7 50. h4 Rh5 51. Kg4 Rh8 52. h5 Nc5 53. h6 Nxd7 54. a4 Rxh6 55. axb5 axb5 56. Kg5 Rd6 57. Rc1 Rd5+ 58. Kf4 Nc5 59. Ke3 Rd3+ 60. Ke2 Nxb3 61. Rc8 Rd5 62. Rc7+ Kd6 63. Rc3 Nd4+ 64. Ke3 b4 0-1

[Event "SVK-ch U12"]
[Site "Liptovsky Mikulas"]
[Date "2018.04.24"]
[Round "6"]
[White "Jurky, Marian"]
[Black "Hyros, Samuel"]
[Result "1-0"]
[WhiteElo "1266"]
[BlackElo "1157"]
[PlyCount "65"]
[EventDate "2018.04.21"]
[EventType "swiss"]
[EventRounds "9"]
[EventCountry "SVK"]
[SourceTitle "CBM 184 Extra"]
[Source "ChessBase"]
[SourceDate "2018.06.28"]
[SourceVersion "1"]
[SourceVersionDate "2018.06.28"]
[SourceQuality "1"]

1. d4 d5 2. c4 e6 3. Nc3 Nf6 4. Nf3 Bb4 5. Bd2 c5 6. e3 cxd4 7. Nxd4 dxc4 8. Bxc4 a6 9. Qb3 Be7 10. 0-0 0-0 11. Rad1 Nbd7 12. Nf3 Qb6 13. Rfe1 Qxb3 14. Bxb3 b5 15. Bc2 Bb7 16. b3 Rac8 17. Rc1 Rfd8 18. Ne2 Bxf3 19. gxf3 Ne5 20. Ba5 Nxf3+ 21. Kf1 Nxe1 22. Bxd8 Ba3 23. Bxh7+ Kxh7 24. Rxc8 Nf3 25. Bxf6 gxf6 26. Kg2 Ne1+ 27. Kg3 Bd6+ 28. f4 e5 29. Rd8 exf4+ 30. exf4 Bb4 31. Rd7 Kg6 32. Nd4 Bc3 33. f5+ 1-0

[Event "SVK-ch U12"]
[Site "Liptovsky Mikulas"]
[Date "2017.04.26"]
[Round "7"]
[White "Hyros, Samuel"]
[Black "Bidulsky, Matej"]
[Result "0-1"]
[WhiteElo "1003"]
[BlackElo "1439"]
[PlyCount "108"]
[EventDate "2017.04.22"]
[EventType "swiss"]
[EventRounds "9"]
[EventCountry "SVK"]
[SourceTitle "CBM 178 Extra"]
[Source "ChessBase"]
[SourceDate "2017.06.22"]
[SourceVersion "1"]
[SourceVersionDate "2017.06.22"]
[SourceQuality "1"]

1. Nf3 Nc6 2. g3 g6 3. Bg2 Bg7 4. 0-0 e6 5. c3 Nge7 6. d4 0-0 7. Bg5 d5 8. Nbd2 f6 9. Bf4 e5 10. dxe5 Nxe5 11. Nxe5 fxe5 12. Bg5 c6 13. Bxe7 Qxe7 14. e4 dxe4 15. Nxe4 Bf5 16. Qb3+ Be6 17. Qd1 Bd5 18. Re1 Rad8 19. Qe2 Qf7 20. Rf1 Bc4 21. Ng5 Bxe2 22. Nxf7 Bxf1 23. Nxd8 Bxg2 24. Ne6 Rc8 25. Nxg7 Bd5 26. Re1 Kxg7 27. Rxe5 Kf7 28. b3 Re8 29. Rxe8 Kxe8 30. c4 Be4 31. Kf1 Bb1 32. a3 Ba2 33. b4 Bxc4+ 34. Ke1 Kd7 35. Kd2 Kd6 36. Ke3 h5 37. Kd4 Bd5 38. f4 b6 39. h3 c5+ 40. bxc5+ bxc5+ 41. Kd3 Kc6 42. g4 hxg4 43. hxg4 Bf3 44. f5 Bxg4 45. fxg6 Bf5+ 46. Ke3 Bxg6 47. a4 a5 48. Kd2 Kd5 49. Kc3 c4 50. Kb2 Kd4 51. Kc1 Kc3 52. Kd1 Kb3 53. Kc1 Kxa4 54. Kb2 Kb4 0-1

[Event "SVK-ch U12"]
[Site "Liptovsky Mikulas"]
[Date "2017.04.25"]
[Round "6"]
[White "Kotora, Marko"]
[Black "Hyros, Samuel"]
[Result "0-1"]
[WhiteElo "1266"]
[BlackElo "1003"]
[PlyCount "30"]
[EventDate "2017.04.22"]
[EventType "swiss"]
[EventRounds "9"]
[EventCountry "SVK"]
[SourceTitle "CBM 178 Extra"]
[Source "ChessBase"]
[SourceDate "2017.06.22"]
[SourceVersion "1"]
[SourceVersionDate "2017.06.22"]
[SourceQuality "1"]

1. e4 e6 2. d4 d5 3. exd5 exd5 4. g3 Nf6 5. Bg2 Bd6 6. Bg5 0-0 7. Nc3 Re8+ 8. Nge2 Bg4 9. f3 Bh5 10. Nxd5 Bxg3+ 11. hxg3 Qxd5 12. Bxf6 gxf6 13. g4 Bxg4 14. fxg4 Qxg2 15. Rg1 Qxg1+ 0-1

[Event "SVK-ch U10"]
[Site "Liptovsky Mikulas"]
[Date "2016.04.19"]
[Round "5"]
[White "Ondo, Daniel"]
[Black "Hyros, Samuel"]
[Result "1-0"]
[WhiteElo "1000"]
[BlackElo "1000"]
[PlyCount "55"]
[EventDate "2016.04.16"]
[EventType "swiss"]
[EventRounds "9"]
[EventCountry "SVK"]
[SourceTitle "CBM 172 Extra"]
[Source "ChessBase"]
[SourceDate "2016.06.21"]
[SourceVersion "1"]
[SourceVersionDate "2016.06.21"]
[SourceQuality "1"]

1. e4 e6 2. d4 d5 3. e5 c5 4. g3 Qb6 5. Nf3 Nc6 6. c3 cxd4 7. cxd4 Nge7 8. Nc3 Nf5 9. Be3 Qxb2 10. Rc1 Bb4 11. Bd2 Ncxd4 12. Qa4+ Bd7 13. Qd1 Nxf3+ 14. Qxf3 Bxc3 15. Rxc3 Qxa2 16. Bd3 d4 17. Rc2 Qd5 18. Be4 Qxe5 19. 0-0 0-0 20. g4 Nh4 21. Qd3 f5 22. Bxb7 Bb5 23. Qb3 Bxf1 24. Bxa8 Rxa8 25. Kxf1 Qxh2 26. Qxe6+ Kf8 27. Bb4+ Qd6 28. Bxd6# 1-0

[Event "SVK-ch U10"]
[Site "Liptovsky Mikulas"]
[Date "2016.04.18"]
[Round "3"]
[White "Hyros, Samuel"]
[Black "Simon, Leonard"]
[Result "0-1"]
[WhiteElo "1000"]
[BlackElo "1137"]
[PlyCount "120"]
[EventDate "2016.04.16"]
[EventType "swiss"]
[EventRounds "9"]
[EventCountry "SVK"]
[SourceTitle "CBM 172 Extra"]
[Source "ChessBase"]
[SourceDate "2016.06.21"]
[SourceVersion "1"]
[SourceVersionDate "2016.06.21"]
[SourceQuality "1"]

1. d4 d5 2. c4 e6 3. e3 Nf6 4. Nf3 Be7 5. Bd3 0-0 6. 0-0 Nc6 7. Nc3 Re8 8. Qc2 h6 9. a3 dxc4 10. Bxc4 Bd6 11. e4 e5 12. d5 Nd4 13. Nxd4 exd4 14. Ne2 Rxe4 15. Bd3 Re5 16. Nxd4 Rxd5 17. Nf5 Bxf5 18. Bxf5 Rc5 19. Qd3 g6 20. Bxg6 Rd5 21. Qb1 Ng4 22. g3 Qf6 23. Bc2 Bc5 24. Be3 Bxe3 25. fxe3 Qg5 26. Bb3 Qxe3+ 27. Kh1 Qxb3 28. Qe4 Ne3 29. Rf3 Rd3 30. Re1 Rd1 31. Rfxe3 Rxe1+ 32. Rxe1 Qxb2 33. Qg4+ Kf8 34. Qf3 Qb6 35. Rf1 Qc6 36. Qxc6 bxc6 37. Rf6 Rb8 38. Rxh6 Rb1+ 39. Kg2 Rb2+ 40. Kh3 Rb6 41. Rh8+ Ke7 42. Rc8 Kd7 43. Rf8 Ke6 44. Rc8 Rb7 45. Re8+ Kf6 46. Kg4 c5 47. Kf4 Rb3 48. Re5 Rc3 49. g4 Rc4+ 50. Re4 Rxe4+ 51. Kxe4 Kg5 52. h3 Kh4 53. Kd5 Kxh3 54. Kxc5 Kxg4 55. Kd4 f5 56. Ke3 c5 57. Kf2 c4 58. Ke2 f4 59. a4 Kg3 60. Kf1 f3 0-1